Llibre de deliberacions : primer volum : MCMXIII-MCMXV / Mancomunitat de Catalunya primer volum :
Descripción Física:
418 p. ; 22 cm
MARC
| LEADER | 00000nam a2200000Ia 4500 | ||
|---|---|---|---|
| 001 | 489 | ||
| 008 | 160829s1915 xx 000 0 cat d | ||
| 110 | 2 | |a Catalunya. |b Mancomunitat |9 53015 | |
| 856 | 4 | |u https://media.diba.cat/diba/fitxers/arxiu/mancomunitat/bib_489_1915_web.pdf |y Accés lliure | |
| 952 | |0 0 |1 0 |4 0 |6 M3121 |7 1 |9 45709 |a Arxiu |b Arxiu |d 2016-12-01 |l 0 |o M-3-121 |p 489 |r 2016-12-01 00:00:00 |w 2016-12-01 |y ARXIU | ||
| 999 | |c 49209 |d 49209 | ||
| 080 | |a M-3-121 | ||
| 245 | |a Llibre de deliberacions : |b primer volum : |b MCMXIII-MCMXV / Mancomunitat de Catalunya | ||
| 260 | |a Barcelona : |b (Imp. de la Casa Prov. de Caritat), |c 1915 | ||
| 300 | |a 418 p. ; |c 22 cm | ||
| 590 | |a Hi ha un duplicat a: DUP-281 | ||
| 650 | |a Legislació |x Catalunya |x Repertoris |9 37726 | ||
| 650 | |a Catalunya |x Política i govern |x 1913/1925 |9 31651 | ||
| 901 | |a Arxiu | ||
| 942 | |n 1 |2 udc | ||